000 00709nam a2200229Ia 4500
003 OSt
005 20220918230706.0
006 a|||||r|||| 00| 0
007 ta
008 220917b |||||||| |||| 00| 0 eng d
024 _a257,152
037 _cTextual
040 _aARTS
_cARTS
_beng
041 _2eng
_aeng
082 _aX:54.643.L90<--I83, K6
100 _aBirmingham David
_917118
245 0 _aTrade and conflict in angola
_b the mbundu and their neighbours under the influence of the portuguese 1483-1790
260 _aOxford
_bClarendon Press
_c1966
650 _aECONOMICS
942 _hX:54.643.L90<--I83, K6
_cTEXL
_2CC
999 _c288668
_d288668